000
00276nam a2200109 4500
008
160702b xxu||||| |||| 00| 0 eng d
100
_9
1811
_a
Bansal, R.K., et al
245
_a
Spoken English
260
_a
New Delhi
_b
Orient
_c
2004
300
_a
Spoken English
942
_2
ddc
_c
BK
999
_c
1515
_d
1515